000 01308nam0a22003011 4500
001 v19\rc\1443636
005 20250618134829.0
035 _a(NLR Aleph) 004586064
090 _a2594161
_c2594161
100 _a20060620d1872 |||y0rusy50 ca
101 0 _arus
102 _aRU
105 _ay b |||||
200 1 _aКаталог метеорологических наблюдений в Российской империи
_fСост. Ф. Клавер
210 _aСанкт-Петербург
_cтип. Имп. Акад. наук
_d1872
215 _aVIII, 36 с.
_d32
300 _aАвт. и загл. на рус. и нем. яз.
311 _aПрил. к Метеорол. сборнику. 1872. Т. 2, тетр. 2
316 _aЭкз. РНБ (2/934Низ): приплетено...
_5NLR: 2/934Низ
422 0 _12001#$aМетеорологический сборник$v1872, т. 2, тетр. 2
_tМетеорологический сборник
482 0 _12001#$aМетеорологический сборник$v1872, т. 2, тетр. 2
_tМетеорологический сборник
700 1 _aКлавер
_bФ.
801 0 _aRU
_bNLR
_gpsbo
801 0 _aRU
_bRuMoRGB
_2psbo
801 1 _aRU
_bProSoft-M
_2rusmarc
852 _aNLR
_j2/934Низ
942 _cBOOK
980 _aNB